000 01838nam0a22003371 4500
001 rc\621242
005 20260407072228.0
035 _a(NLR Aleph) 005864165
090 _a5910264
_c5910264
100 _a20031121d1986 |||y0rusy50 ca
101 0 _arus
102 _aRU
105 _ay |||||||||
200 1 _aВизантийский сатирический диалог
_e[Сб.
_eПер. со среднегреч.
_fАН СССР]
_gИзд. подгот. С.В. Полякова, И.В. Феленковская
_g[Отв. ред. Я.Н. Любарский
_gПримеч. С.В. Поляковой]
210 _aЛ.
_cНаука. Ленингр. отд-ние
_d1986
215 _a189, [2] с.
_d16
225 1 _aЛитературные памятники
327 1 _aСодерж.: Патриот, или Поучаемый; Тимарион; Мазарис
_aВ прил.: Византийский сатирический диалог / С.В. Полякова
464 0 _12001#$aПатриот, или Поучаемый
_tПатриот, или Поучаемый
464 0 _12001#$aТимарион
_tТимарион
464 0 _12001#$aМазарис
_tМазарис
464 0 _12001#$aВизантийский сатирический диалог
_1700#1$aПолякова$bС.В.
_tВизантийский сатирический диалог
_aПолякова, С.В.
702 1 _4570
_7ca
_8rus
_aПолякова
_bС. В.
_cканд. филол. наук
_f1914-1994
_gСофья Викторовна
_9169144
_3RU\NLR\AUTH\770169194
702 1 _aЛюбарский
_bЯ.Н.
_gЯков Николаевич
_4340
712 0 2 _aАН СССР
_9272478
_3RU\NLR\AUTH\881046
801 0 _aRU
_bNLR
_gpsbo
801 1 _aRU
_bELAR
_2rusmarc
852 _aNLR
_j86-2/2530
942 _cBOOK
980 _aNB